| 000 | 01062nam a22002777a 4500 | ||
|---|---|---|---|
| 999 |
_c116135 _d116135 |
||
| 003 | dpl | ||
| 005 | 20180918143120.0 | ||
| 008 | 180918b ||||| |||| 00| 0 eng d | ||
| 010 | _aA-582746 | ||
| 020 | _c40.00 | ||
| 035 | _aA-582746, A-582751 | ||
| 037 | _bCen Lib/Ret | ||
| 040 |
_aDPL _bHN _c0 |
||
| 082 |
_aउ _bमित्रवि |
||
| 100 |
_aमित्र, विमल _964990 |
||
| 245 |
_aसही पते पर / _cविमल मित्र |
||
| 246 |
_aSahi pate par / _bby Vimal Mitra |
||
| 260 |
_aनई दिल्ली _bएस.के.पब्लिशर्स _c1992 |
||
| 270 |
_aए-47, अमर कालोनी लाजपत नगर _bनई दिल्ली _e110024 |
||
| 300 |
_a130पृ. _c17सेमी(सजिल्द) |
||
| 650 |
_aहिन्दी -- साहित्य _964991 |
||
| 650 |
_aहिन्दी -- उपन्यास _964992 |
||
| 650 |
_aHindi -- Literature _964993 |
||
| 650 |
_aHindi -- Fiction _927248 |
||
| 942 |
_2ddc _cHN _hउ _mमित्रवि |
||